000 00491nam a2200169Ia 4500
003 LK-CoDNM
008 010623t1892 xxu||||| |||| 00| 1 eng d
040 _aLK-CoDNM
_dLK-CoDNM
_eLK-CoDNM
041 _aeng
080 _a14 H 27
100 _aGoonetilleke,William.
_eed.
245 _aTheorientalist : A journal of Oriental literature ,Arts Sciences,Folklore
260 _bEducation Society press
_akandy
_c1892
300 _b32p., 26 cm
650 _aSalalihini-Sandesaya
942 _cBK
999 _c83533
_d83533